000 00550nam a22001937a 4500
003 CEME
005 20210628202254.0
008 210210b xxu||||| |||| 00| 0 eng d
020 _a81-203-1502-2
040 _c.
082 _a510 MOT
100 _aMott , Joe. L ,Kandel , Abraham ,Kandel , Abraham
_959100
245 _aDiscrete mathematics for computer scientists and mathematicians
250 _a2ND
260 _aNEW DELHI
_bPRENTICE HALL OF INDIA
_c1986
300 _aXIV,751
650 _aDISCRETE MATHEMATICS.
_959101
942 _cBK
_2ddc
999 _c569152
_d569152